Responses for show #7597 - Tuesday, September 26, 2017

Austin Rogers game 1.

Contestants

Austin Rogers, a bartender from New York, New York

Tina Doppler, a small business owner from Crown Point, Indiana

Dennis Fawcett, a painter and handyman from San Diego, California (whose 1-day cash winnings total $24,000)

Jeopardy! Round responses

18th CENTURY AMERICA
ENTERTAINMENT AWARDS
FOOD STUFF
DOUBLE DOUBLE LETTERS
CAPITAL CITIES
MISREMEMBERED HARRY POTTER BOOK TITLES
(Alex: We don't want the title that you know. We want the title that fits our clue.)
    $200 8
(Dennis: What is a prologue?)

a preamble

DennisAustin
    $200 29
a Grammy

Dennis
    $200 13
Rice Krispies

Austin
    $200 1
a millennium

Tina
    $200 7
Bangkok

Austin
    $200 24
giblets

Triple Stumper
    $400 3
Mount Vernon

Austin
    $400 30
Mark Twain

Austin
    $400 17
a banana

Tina
    $400 2
a cappuccino

Austin
    $400 11
Ankara

Tina
    $400 25
a stein

Tina
    $600 4
Thomas Paine

Austin
    $600 16
Cecil B. DeMille

Dennis
    $600 18
a spiral

Dennis
    $600 21
happiness

Dennis
    $600 10
Riyadh

Dennis
    $600 26
(Alex: Less than a minute now.)

challahs

Dennis
    $800 5
Daniel Boone

Dennis
    $800 14
the VMAs (or the Video Music Awards)

Austin
    $800 19
(Dennis: What is quinoa?)

corn

Dennis
Triple Stumper
    $800 22
grasshoppers

Tina
    $800 9
(Tina: What is Budapest?)

Prague

DennisTina
    $800 27
(Dennis: What is Acapulco?)

Mazatlan

Dennis
Triple Stumper
    $1000 6
Georgia

Dennis
    $1000 15
the Palme d'Or

Austin
    $1000 20
broccoli

Tina
    $2,000 23
(Tina: Who are the Huguenots?)

the Walloons

Tina
    $1000 12
(Dennis: What is New Delhi?)

Islamabad

Dennis
Triple Stumper
    $1000 28
University of Phoenix

Tina

Scores at the first commercial break (after clue 15):

Dennis Tina Austin
$2,000 -$200 $3,800

Scores at the end of the Jeopardy! Round:

Dennis Tina Austin
$3,000 $1,400 $4,200

Double Jeopardy! Round responses

"O" YES, OPERA!
INSECTS
SPORTS ABBREV.
EPONYMS
DEFINING OUR RELATIONSHIP
LET'S SET SOME BOUNDARIES
    $400 11
Othello

Tina
    $400 16
the praying mantis

Austin
    $400 1
minutes per game

Tina
    $400 10
Frisbee

Austin
    $400 21
(Austin: What is brother?)

son

DennisAustin
    $400 28
the Rock of Gibraltar

Austin
    $800 12
[ERRATUM: Austin rephrases the title of the work.]

For the Love of Three Oranges

Austin
    $800 17
a pupa

Dennis
    $800 2
power play

Austin
    $6,500 9
(Austin: Oblong chewy candy... what is [*]?)
[Austin drops his signaling device]
(Austin: I need this!)

a Tootsie Roll

Austin
    $800 22
sister

Tina
    $800 30
the territorial waters

Tina
    $1200 13
Orpheus

Austin
    $1200 18
a mosquito

Austin
    $1200 3
the International Tennis Hall of Fame

Austin
    $1200 7
an Uzi

Austin
    $1200 23
uncle

Tina
    $1200 29
a line in the sand

Austin
    $1600 14
Orlando

Dennis
    $1600 19
(Austin: What's a lightning bug?)

a beetle

DennisAustin
    $1600 4
saves

Tina
    $1600 6
a cravat

Austin
    $1600 24
(Austin: What is stepmother?)

mother

Austin
Triple Stumper
    $6,500 26
Pennsylvania and Maryland

Austin
    $2000 15
Oberto

Triple Stumper
    $2000 20
(Austin: What is sulfuric acid?)
(Dennis: Is it [*]?)

formic acid

DennisAustin
    $2000 5
leg before wicket

Austin
    $2000 8
(Dennis: What is a buffoon?)

braggadocio

Dennis
Triple Stumper
    $2000 25
(Dennis: What is son?)
(Tina: What is father?)

grandson

DennisTinaAustin
    $2000 27
(Dennis: What is stratosphere?)
...
(Alex: With less than a minute to go.)

the troposphere

DennisTina

Scores at the end of the Double Jeopardy! Round:

Dennis Tina Austin
$3,400 $6,600 $26,000
(lock game)

[wagering suggestions for these scores]

Final Jeopardy! Round responses

FICTIONAL CHARACTERS
(Alex: The character supplies James with all of his weaponry, his gadgets and his stuff.)
...
(Alex: [To Austin] Came up with the letter [*] for "quartermaster". Supplying James Bond.)
DennisWhat is M? Thank you!
$2,564
TinaWhat is M?
$600
AustinWhat is Q?
$10,000
Q

Final scores:

Dennis Tina Austin
$836 $6,000 $36,000
3rd place: $1,000 2nd place: $2,000 New champion: $36,000

Game dynamics:

Coryat scores:

Dennis Tina Austin
$3,400 $8,600 $15,400
14 R,
7 W
14 R,
3 W
(including 1 DD)
24 R
(including 2 DDs),
4 W

Combined Coryat: $27,400

The J! Archive is created by fans, for fans. The Jeopardy! game show and all elements thereof, including but not limited to copyright and trademark thereto, are the property of Jeopardy Productions, Inc. and are protected under law. This website is not affiliated with, sponsored by, or operated by Jeopardy Productions, Inc. Join the discussion at JBoard.tv.